000 00305nam a2200109Ia 4500
008 200302s9999 xx 000 0 und d
100 _aNancy Temple
245 _aInTerior Design Work Book Problems and Projects for Ist & 2nd Year Stu.,
260 _bVan Nostrand Reinhold
260 _c1993
300 _a114 P.,
999 _c992
_d992